Statistics for Countries of Asia Without a Map

Click here to take the quiz!

General Stats

  • This quiz has been taken 34 times
    (23 since last reset)
  • The average score is 42 of 48

Answer Stats

InitialCountries% Correct
IIndia
100%
IIndonesia
100%
IIran
100%
IIraq
100%
MMongolia
100%
AAfghanistan
94%
CChina
94%
EEast Timor
94%
JJapan
94%
KKazakhstan
94%
KKyrgyzstan
94%
LLaos
94%
MMalaysia
94%
MMyanmar
94%
NNorth Korea
94%
PPakistan
94%
QQatar
94%
SSouth Korea
94%
TThailand
94%
TTurkey
94%
TTurkmenistan
94%
UUzbekistan
94%
VVietnam
94%
YYemen
94%
AAzerbaijan
88%
BBangladesh
88%
BBhutan
88%
BBrunei
88%
CCambodia
88%
IIsrael
88%
JJordan
88%
OOman
88%
SSaudi Arabia
88%
UUnited Arab
Emirates
88%
AArmenia
81%
BBahrain
81%
GGeorgia
81%
NNepal
81%
PPhilippines
81%
SSingapore
81%
SSyria
81%
KKuwait
75%
LLebanon
75%
SSri Lanka
75%
TTajikistan
75%
MMaldives
69%
CCyprus
63%
TTaiwan
63%

Score Distribution

Percentile by Number Answered

Percent of People with Each Score

Your Score History

You have not taken this quiz since the last reset